| 000 | 00618nam a2200181 i 4500 | ||
|---|---|---|---|
| 001 | 51918 | ||
| 003 | ES-MaACL | ||
| 005 | 20230906162454.0 | ||
| 007 | t| | ||
| 008 | 030821s1970 sp ||||1| spa d | ||
| 100 | 1 |
_aDasconaguerre, Juan Bautista. _942779 |
|
| 245 | 1 | 0 |
_aAtheka gaitzeko oihartzunak / _cJ.B.Daskonage ; revisión, traducción y estudio por Rodolfo Bozas Urrutia. |
| 250 | _aEd. bilingüe. | ||
| 260 |
_a[San Sebastián : _bSociedad Guipuzcoana de Ediciones y Publicaciones, _c1970] |
||
| 300 |
_a285 p. ; _c21 cm. |
||
| 700 | 1 |
_aBozas Urrutia, Rodolfo. _931215 |
|
| 852 |
_aES-MaACL _jC-47559 _bR.75838 |
||
| 999 |
_c51918 _d51918 |
||